| 000 | 01037nam a2200313 a 4500 | ||
|---|---|---|---|
| 001 | BRCA_8544 | ||
| 005 | 20190320210327.0 | ||
| 008 | 110816s1650----ag-a######---#000-0#----# | ||
| 050 | 4 |
_aPN1010 _b.V35 _c1650 |
|
| 100 | 1 |
_aValeh _921416 |
|
| 245 | 1 | 0 |
_aYusuf-u- zulaika = Joseph and potiphar _cValeh |
| 260 |
_a[s.l.] _b[s.i.] _c1650 |
||
| 300 |
_a179 p. _blam. col. _c22 cm |
||
| 500 | _aFondo antiguo | ||
| 500 | _aSe encuentra en Caja Fuerte | ||
| 500 | _aQ-71 | ||
| 500 | _aManuscrito persa | ||
| 500 | _aColofón a color | ||
| 500 | _a4 láminas a color páginas: 57,78,94 y 116 | ||
| 500 | _aEstado físico: páginas 171 y 178 rotas, p. 37 mutilada | ||
| 500 | _aCon Ex- libris de: Franz Mayer | ||
| 500 | _aEscrito en fina caligrafía Nastaliq | ||
| 500 | _aNota de encuadernación: en piel con cartón | ||
| 506 | 0 | _aFondo reservado: para su consulta es necesario credencial de usuario y carta de motivos | |
| 650 | 1 | 4 |
_aPoesía _epersa _917631 |
| 740 | 0 | _aJoseph and potiphar | |
| 902 | _aLAR | ||
| 942 |
_2lcc _cB |
||
| 999 |
_c8207 _d8207 |
||